000 00187nam a22000977a 4500
999 _c65296
_d65293
082 _a297.7 ISL
100 _aISLAHI
245 _aETIQUTTES OF LIFE IN ISLAM
300 _a521
942 _cBK